00536nam a2200181Ia 4500003000900000008004100009040001300050040001300063041000800076100002600084245013200110250002000242260001700262260000900279300001200288490004600300490000800346IT-RoPAU120407s9999 xx 000 0 und d aIT-RoPAU cIT-RoPAU aita aSalvatore Di Giacomo  aL’ignoto . Cocotte. Donna Clorinda . Quella delle ciliege. In “Narratori dell’Ottocento e del primo Novecento” Vol. IV  aMilano - Napoli aR. Ricciardi c1966 c22,5 cm a La letteratura Italiana .Storia e Testi  v644